[Event "Titled Tuesday intern op 21st May Early"]
[Site "Chess.com INT"]
[Date "2024.05.21"]
[Round "4"]
[White "Garcia Correa, Jose Ricardo"]
[Black "Robledo, Cristian"]
[Result "0-1"]
[WhiteElo "2103"]
[BlackElo "2202"]
[PlyCount "72"]
[EventDate "2024.05.21"]
[EventType "swiss (blitz)"]
[EventRounds "11"]
[EventCountry "USA"]
[SourceTitle "CBM 220 Extra"]
[Source "ChessBase"]
[SourceDate "2024.07.31"]
[SourceVersion "1"]
[SourceVersionDate "2024.07.31"]
[SourceQuality "1"]

1. e4 c5 2. Nf3 e6 3. d4 cxd4 4. Nxd4 Nc6 5. Nc3 Qc7 6. Nxc6 bxc6 7. Bd3 Nf6 8. 0-0 d5 9. Qe2 Be7 10. b3 d4 11. Nd1 e5 12. Nb2 Bg4 13. f3 Bh5 14. Nc4 0-0 15. Qf2 Nd7 16. h4 f6 17. g4 Bf7 18. Qg3 Nb6 19. Na5 Bb4 20. Nc4 Nxc4 21. bxc4 Rab8 22. Rb1 Qa5 23. g5 fxg5 24. Bxg5 Rbe8 25. Bh6 Bg6 26. h5 Re6 27. Bxg7 Kxg7 28. Kh1 Rff6 29. Rg1 Kf7 30. a3 Bd2 31. Rb7+ Ke8 32. Qh3 Be3 33. hxg6 Rxg6 34. Rxg6 Rxg6 35. Qc8+ Qd8 36. Qf5 Qh4+ 0-1

[Event "Titled Tuesday intern op 21st May Early"]
[Site "Chess.com INT"]
[Date "2024.05.21"]
[Round "11"]
[White "Robledo, Cristian"]
[Black "Subramanian, Anusha"]
[Result "1/2-1/2"]
[WhiteElo "2202"]
[BlackElo "2033"]
[PlyCount "149"]
[EventDate "2024.05.21"]
[EventType "swiss (blitz)"]
[EventRounds "11"]
[EventCountry "USA"]
[SourceTitle "CBM 220 Extra"]
[Source "ChessBase"]
[SourceDate "2024.07.31"]
[SourceVersion "1"]
[SourceVersionDate "2024.07.31"]
[SourceQuality "1"]

1. d4 Nf6 2. Bg5 b5 3. Bxf6 gxf6 4. e4 a6 5. Bd3 Rg8 6. g3 Bb7 7. Nf3 e6 8. Nbd2 b4 9. 0-0 d5 10. e5 f5 11. c4 dxc4 12. Bxc4 Bd5 13. Qe2 Bxc4 14. Nxc4 Nd7 15. Rfd1 Nb6 16. Rac1 Nd5 17. Na5 Bh6 18. Rc5 f4 19. Qe4 fxg3 20. hxg3 Bg5 21. Qxh7 Kf8 22. Nc6 Qd7 23. Rd3 Be7 24. Nxe7 Kxe7 25. Qh4+ Kf8 26. Ng5 Qe7 27. Nh7+ Ke8 28. Nf6+ Nxf6 29. exf6 Qd6 30. Qe4 Kd7 31. d5 e5 32. Rc6 Qf8 33. Qxe5 Qd8 34. Qf5+ Ke8 35. Re3+ Kf8 36. Qf4 Rg6 37. Re7 Qxd5 38. Rcxc7 Qd1+ 39. Kg2 Qd5+ 40. Kh2 Qh5+ 41. Qh4 Qxh4+ 42. gxh4 Rxf6 43. Kg3 Kg7 44. f4 Rd8 45. Re3 Rd2 46. b3 Rxa2 47. Rc5 a5 48. Rb5 Ra3 49. Rf3 Rg6+ 50. Kh3 Rc6 51. h5 Rc3 52. Rg5+ Kh6 53. Rxc3 bxc3 54. Kg4 Rxb3 55. Rxa5 Rb2 56. Ra6+ Kg7 57. Rc6 Rg2+ 58. Kh3 Rc2 59. Kg4 Rc1 60. Kg5 c2 61. h6+ Kh7 62. Kf6 Rf1 63. Rxc2 Rxf4+ 64. Kg5 Rf1 65. Rg2 Rf3 66. Rg4 Rf1 67. Kh4 Rh1+ 68. Kg3 Rxh6 69. Rf4 Rg6+ 70. Kf3 Kg7 71. Rh4 Rf6+ 72. Kg3 Rg6+ 73. Kf3 Rf6+ 74. Ke3 Rg6 75. Kf3 1/2-1/2